Loading...
Auditory Arts | 6 | 8.33 | 67% | 17% | 0% |
Beliefs | 3 | 16.67 | 100% | 67% | 0% |
Current Events | 4 | 15.00 | 100% | 50% | 0% |
Fine Arts - Other Arts | 7 | 15.71 | 86% | 57% | 14% |
Geography | 2 | 15.00 | 50% | 100% | 0% |
History - American History | 4 | 12.50 | 100% | 25% | 0% |
History - Ancient History | 4 | 15.00 | 75% | 50% | 25% |
History - European History | 4 | 10.00 | 75% | 25% | 0% |
History - Other History | 1 | 10.00 | 100% | 0% | 0% |
History - World History | 3 | 10.00 | 100% | 0% | 0% |
Literature - American Literature | 4 | 12.50 | 100% | 25% | 0% |
Literature - British Literature | 5 | 12.00 | 100% | 0% | 20% |
Literature - European Literature | 2 | 20.00 | 100% | 50% | 50% |
Literature - World Literature | 6 | 13.33 | 100% | 17% | 17% |
Other Academic | 2 | 20.00 | 100% | 50% | 50% |
Philosophy | 3 | 16.67 | 100% | 67% | 0% |
Science - Biology | 2 | 10.00 | 100% | 0% | 0% |
Science - Chemistry | 4 | 17.50 | 100% | 50% | 25% |
Science - Other Science | 7 | 24.29 | 86% | 100% | 57% |
Science - Physics | 6 | 21.67 | 100% | 67% | 50% |
Social Science | 5 | 16.00 | 100% | 60% | 0% |
Visual Arts | 3 | 10.00 | 100% | 0% | 0% |